Lumen Christi (Record no. 90504)

MARC details
000 -LEADER
campo de control de longitud fija 00664nam a2200217 i 4500
001 - NÚMERO DE CONTROL
campo de control 90504
003 - IDENTIFICADOR DE NÚMERO DE CONTROL
campo de control ES-MaACL
005 - FECHA Y HORA DE LA ÚLTIMA TRANSACCIÓN
campo de control 20230906180448.0
007 - CAMPO FIJO DE DESCRIPCIÓN FÍSICA--INFORMACIÓN GENERAL
campo de control de longitud fija t|
008 - DATOS DE LONGITUD FIJA--INFORMACIÓN GENERAL
campo de control de longitud fija 050121s1964 sp ||||1| spa d
100 1# - ENTRADA PRINCIPAL--NOMBRE DE PERSONA
Nombre de persona Lebreton, Jules.
9 (RLIN) 71035
245 10 - MENCIÓN DEL TÍTULO
Título Lumen Christi
Resto del título : doctrina espiritual del Nuevo Testamento /
Mención de responsabilidad, etc. Jules Lebreton ; [traducida por Martín Ezcurdia].
250 ## - MENCION DE EDICION
Mención de edición Versión de la 21ª ed. francesa.
260 ## - PUBLICACIÓN, DISTRIBUCIÓN, ETC.
Lugar de publicación, distribución, etc. BArcelona :
Nombre del editor, distribuidor, etc. Eler,
Fecha de publicación, distribución, etc. [1964]
300 ## - DESCRIPCIÓN FÍSICA
Extensión 365 p. ;
Dimensiones 19 cm.
490 1# - MENCIÓN DE SERIE
Mención de serie Eler ;
Designación de volumen o secuencia 5
700 1# - ENTRADA AGREGADA--NOMBRE PERSONAL
Nombre de persona Ezcurdia, Martín.
9 (RLIN) 48460
830 0# - PUNTO DE ACCESO ADICIONAL DE SERIE-TÍTULO UNIFORME
Título uniforme Eler ;
Designación de volumen o secuencia 5
9 (RLIN) 181476
852 ## - LOCALIZACIÓN
Ubicación ES-MaACL
Número de control de estantería C-26450
Sublocalización o colección R.55396
Holdings
Estatus retirado Estado de pérdida Estado de daño No para préstamo Biblioteca de origen Biblioteca actual Ubicación en estantería Fecha de adquisición Fuente de adquisición Total de préstamos Signatura topográfica completa Código de barras Visto por última vez Precio de reemplazo Tipo de ítem Koha
        Biblioteca del Ateneo de Madrid Biblioteca del Ateneo de Madrid Depósito 2 17/01/2008     C-26450 1094506 23/02/2023 23/02/2023 Libro impreso